POCKET TUTOR CLINICAL EXAMINATION (Record no. 216637)
[ view plain ]
| 000 -LEADER | |
|---|---|
| fixed length control field | 00478nam a22001817a 4500 |
| 008 - FIXED-LENGTH DATA ELEMENTS--GENERAL INFORMATION | |
| fixed length control field | 260225b |||||||| |||| 00| 0 eng d |
| 020 ## - INTERNATIONAL STANDARD BOOK NUMBER | |
| International Standard Book Number | 978-1-909836-78-5 |
| 050 ## - LIBRARY OF CONGRESS CALL NUMBER | |
| Classification number | RC 76.L555 2019 |
| 100 ## - MAIN ENTRY--PERSONAL NAME | |
| Personal name | PETER CARTLEDGE |
| 245 ## - TITLE STATEMENT | |
| Title | POCKET TUTOR CLINICAL EXAMINATION |
| 250 ## - EDITION STATEMENT | |
| Edition statement | 2nd |
| 260 ## - PUBLICATION, DISTRIBUTION, ETC. | |
| Place of publication, distribution, etc. | NEW DELHI |
| Name of publisher, distributor, etc. | JP MEDICAL PUBLISHERS |
| Date of publication, distribution, etc. | 2019 |
| 300 ## - PHYSICAL DESCRIPTION | |
| Extent | X,357 |
| 500 ## - GENERAL NOTE | |
| General note | INCLUDES AN INDEX |
| 700 ## - ADDED ENTRY--PERSONAL NAME | |
| Personal name | CATHERINE CARTLEDGE |
| 942 ## - ADDED ENTRY ELEMENTS (KOHA) | |
| Source of classification or shelving scheme | Library of Congress Classification |
| Koha item type | Long Loan Book |
| Withdrawn status | Lost status | Source of classification or shelving scheme | Damaged status | Not for loan | Collection | Home library | Current library | Shelving location | Date acquired | Inventory number | Total checkouts | Full call number | Barcode | Date last seen | Copy number | Price effective from | Koha item type |
|---|---|---|---|---|---|---|---|---|---|---|---|---|---|---|---|---|---|
| Library of Congress Classification | Medicine | Kisii University Library | Kisii University Library | On Display | 02/25/2026 | 112022 | RC 76.L555 2019 | A000165 | 02/25/2026 | C.2 | 02/25/2026 | Long Loan Book | |||||
| Library of Congress Classification | Medicine | Kisii University Library | Kisii University Library | On Display | 02/25/2026 | 112021 | RC 76.L555 2019 | A000163 | 02/25/2026 | C.1 | 02/25/2026 | Long Loan Book | |||||
| Library of Congress Classification | Medicine | Kisii University Library | Kisii University Library | On Display | 02/25/2026 | 112023 | RC 76.L555 2019 | A000166 | 02/25/2026 | C.3 | 02/25/2026 | Long Loan Book | |||||
| Library of Congress Classification | Medicine | Kisii University Library | Kisii University Library | On Display | 02/25/2026 | 112024 | RC 76.L555 2019 | A000164 | 02/25/2026 | C.4 | 02/25/2026 | Long Loan Book |